000
00155nam a22000857a 4500
082
_a
823
100
_a
MYSTIE AMWAL
245
_a
BUTTERFLY READERS
942
_c
BK
999
_c
8246
_d
8246